La competitividad de la administracin̤ local : modernizacin̤ a travš de la gestin̤ del conocimiento /

Bibliographic Details
Main Author: Sanguino Galvǹ, Ramn̤
Format: Book
Language:Spanish
Published: Madrid : Instituto Nacional de Administracin̤ Pb︢lica, 2006.
Subjects:
Online Access:Acceso restringido

MARC

LEADER 00000cam a2200000 i 4500
005 20110711131753.0
008 061113s2006 sp o000 0 spa d
017 |a D.L.M28177-2006 
020 |a 84-7351-256-1 
020 |a 978-84-7351-256-5 
024 8 |a NIPO329-06-016-5 
035 |a 5598 
040 |a SpMaUCDE  |d BUS  |d vLex 
080 |a 352.071.2 
090 |c 2202  |d 2202 
100 1 |a Sanguino Galvǹ, Ramn̤. 
245 1 3 |a La competitividad de la administracin̤ local :  |b modernizacin̤ a travš de la gestin̤ del conocimiento /  |c Ramn̤ Sanguino Galvǹ.  |h [Recurso electrn̤ico] 
256 |a Servicio en ln̕ea. 
260 |a Madrid :  |b Instituto Nacional de Administracin̤ Pb︢lica,  |c 2006. 
300 |a 130 p. ;  |c 24 cm. 
506 1 |a Contenido solo disponible en los productos indicados  |d vLex Global  |d vLex Global (Academic Edition, excluding Law Schools)  |d vLex Global (U.S. Academic Edition, Law Schools)  |d vLex Global (U.S. Academic Edition, excluding Law Schools)  |d vLex Global (Academic Edition, Law Schools) 
650 |a Administracin̤ pb︢lica  |2 Tesauro vLex 
650 |2 Tesauro vLex  |a Administracin̤ Local 
740 0 |a vLex Libros (Servicio en ln̕ea) 
856 4 0 |u http://vlex.com/source/competitividad-administracion-local-modernizacion-gestion-conocimiento-5598  |z Acceso restringido 
942 |c BOOK